Early changes in flow cytometric DNA profiles induced by californium-252 neutron brachytherapy in squamocellular carcinomas of the uterine cervix

Bibliographic Details
Main Authors: Žaloudík, Jan, 1954- (Author), Janáková, L. (Author), Tačev, T. (Author), Vagunda, Václav (Author)
Format: Article
Language:English

MARC

LEADER 00000nab a2200000ua 4500
001 vtls010827570
003 SK-MaSNL
005 20260303153643.0
008 230222s1998 xo |||||||||||||||||eng|
035 |a (urnnbn)urn:nbn:sk:snk:ar-a06bzn 
035 |a urn:nbn:sk:snk-ab5td3 
035 |a (uuid)1414026c-ff16-44cb-8417-47bff490dcba 
040 |a SNKBUCL  |b slo  |c SNKBUCL  |e AACR2 
041 0 |a eng 
044 |a xo  |c SK 
100 1 |a Žaloudík, Jan,  |d 1954-  |4 aut  |9 219121 
245 1 0 |a Early changes in flow cytometric DNA profiles induced by californium-252 neutron brachytherapy in squamocellular carcinomas of the uterine cervix  |c J. Žaloudík, L. Janáková, T. Tačev, V. Vagunda 
700 1 |a Janáková, L.  |4 aut  |9 1175642 
700 1 |a Tačev, T.  |4 aut  |9 1175643 
700 1 |a Vagunda, Václav  |4 aut  |9 218994 
773 0 |t Neoplasma : journal of experimental and clinical oncology  |g Roč. 45, č. 2 (1998), s. 96-101 
958 |a OND 
958 |a EUIPO 
958 |a article5 
999 |c 2029613  |d 2031543